Sam Raimi Filmography - Statistics

General Stats
  • This quiz has been taken 30 times
    13 since last reset
  • The average score is 74 of 183
Answer Stats
Type Year Name % Correct
Film Production 2013 Evil Dead
100%
Film Director 1987 Evil Dead II
100%
Film Screenplay 1987 Evil Dead II
100%
Film Cameo 1987 Evil Dead II
100%
Video Game Production 2022 Evil Dead: The Game
100%
Film Director 2002 Spider-Man
100%
Film Director 2004 Spider-Man 2
100%
Film Cameo 2004 Spider-Man 2
100%
Film Director 2007 Spider-Man 3
100%
Film Screenplay 2007 Spider-Man 3
100%
Film Story 2007 Spider-Man 3
100%
Film Director 1981 The Evil Dead
100%
Film Screenplay 1981 The Evil Dead
100%
Film Production 1981 The Evil Dead
100%
Film Cameo 1981 The Evil Dead
100%
Film Director 2022 Doctor Strange in the Multiverse of Madness
90%
Film Director 1992 Army of Darkness
80%
Film Screenplay 1992 Army of Darkness
80%
Film Editor 1992 Army of Darkness
80%
Film Cameo 1992 Army of Darkness
80%
Film Director 1998 A Simple Plan
80%
Film Director 2009 Drag Me to Hell
80%
Film Screenplay 2009 Drag Me to Hell
80%
Film Production 2009 Drag Me to Hell
80%
Film Cameo 2009 Drag Me to Hell
80%
Film Director 2026 Send Help
80%
Film Production 2026 Send Help
80%
Film Director 1990 Darkman
70%
Film Screenplay 1990 Darkman
70%
Film Story 1990 Darkman
70%
TV Pilot Production 1992 Darkman
70%
Film Director 2013 Oz the Great and Powerful
70%
Film Director 1995 The Quick and the Dead
70%
TV Show Director 2015 Ash vs Evil Dead
60%
TV Show Creator 2015-2018 Ash vs Evil Dead
60%
TV Show Production 2015-2018 Ash vs Evil Dead
60%
Film Director 1985 Crimewave
60%
Film Screenplay 1985 Crimewave
60%
Film Director 1977 It's Murder!
60%
Film Screenplay 1977 It's Murder!
60%
Film Production 1977 It's Murder!
60%
Film Editor 1977 It's Murder!
60%
Film Acting Role 1977 It's Murder!
60%
Film Director 2000 The Gift
60%
Short Film Director 1978 Clockwork
50%
Short Film Screenplay 1978 Clockwork
50%
Short Film Production 1978 Clockwork
50%
Film Production 2019 Crawl
50%
Film Production 2016 Don't Breathe
50%
Film Production 2023 Evil Dead Rise
50%
Film Director 1999 For the Love of the Game
50%
Film Production 2004 The Grudge
50%
Film Production 2019 The Grudge
50%
Film Screenplay 1994 The Hudsucker Proxy
50%
Film Cameo 1994 The Hudsucker Proxy
50%
Short Film Director 1977 Civil War Part II
40%
Short Film Acting Role 1977 Civil War Part II
40%
Film Production 1996 Darkman III: Die Darkman Die
40%
Film Production 1995 Darkman II: The Return of Durant
40%
Film Production 2021 Don't Breathe 2
40%
Film Production 1993 Hard Target
40%
Short Film Director 1977 Picnic
40%
Short Film Acting Role 1977 Picnic
40%
TV Show Production 2010-2013 Spartacus
40%
Film Production 2006 The Grudge 2
40%
Film Production 1994 Timecop
40%
Film Director TBA World War 3
40%
TV Show Creator 1995-2001 Xena: Warrior Princess
40%
TV Show Production 1995-2001 Xena: Warrior Princess
40%
TV Show Production 2009 13: Fear Is Real
30%
Film Cameo 2013 3 Geezers!
30%
Web Series Director 2020 50 States of Fright
30%
Web Series Writer 2020 50 States of Fright
30%
Film Production 2023 65
30%
TV Show Production 1995-1998 American Gothic
30%
TV Film Cameo 1993 Body Bags
30%
Film Production 2005 Boogeyman
30%
Film Production 2023 Boy Kills World
30%
TV Show Production 2000-2001 Cleopatra 2525
30%
Short Film Acting Role 1982 Cleveland Smith: Bounty Hunter
30%
Music Video Director 1988 Cold Metal
30%
Film Screenplay 1989 Easy Wheels
30%
Film Production 1989 Easy Wheels
30%
Video Game Production 2005 Evil Dead: Regeneration
30%
Film Cameo 1995 Galaxis
30%
TV Film Production 1994 Hercules in the Underworld
30%
TV Film Production 1994 Hercules: The Legendary Journeys - Hercules and the Lost Kingdom
30%
TV Film Production 1994 Hercules: The Legendary Journeys - The Circle of Fire
30%
Film Cameo 1992 Innocent Blood
30%
TV Show Production 2000 Jack of All Trades
30%
TV Film Cameo 1993 Journey to the Center of the Earth
30%
Film Production 2025 Locked
30%
Film Production 1991 Lunatics: A Love Story
30%
Film Cameo 1988 Maniac Cop
30%
Film Cameo 1990 Maniac Cop 2
30%
TV Film Story 1994 M.A.N.T.I.S.
30%
TV Film Production 1994 M.A.N.T.I.S.
30%
TV Film Cameo 1994 M.A.N.T.I.S.
30%
TV Show Creator 1994-1995 M.A.N.T.I.S.
30%
TV Show Production 1994-1995 M.A.N.T.I.S.
30%
Film Cameo 1990 Miller's Crossing
30%
Short Film Director 1976 Mystery No Mystery
30%
Short Film Acting Role 1976 Mystery No Mystery
30%
Film Production 2021 Nightbooks
30%
Short Film Director 1972 Out West
30%
Short Film Screenplay 1972 Out West
30%
Short Film Cinematography 1972 Out West
30%
Film Production 2015 Poltergeist
30%
Short Film Acting Role 1978 Shemp Eats the Moon
30%
Short Film Director 1977 Six Months to Live
30%
Film Cameo 1985 Spies Like Us
30%
TV Show Creator 1997-1998 Spy Game
30%
TV Show Production 1997-1998 Spy Game
30%
Short Film Director 2017 The Black Ghiandola
30%
Film Cameo 1994 The Flintstones
30%
Film Cameo 2016 The Jungle Book
30%
Film Screenplay 1992 The Nutt House
30%
Film Story 1992 The Nutt House
30%
Film Production 2012 The Possession
30%
Short Film Director 1985 The Sappy Sap
30%
TV Mini-Series Acting Role 1997 The Shining
30%
TV Mini-Series Acting Role 1994 The Stand
30%
Film Production 2022 Umma
30%
Short Film Director 1976 Uncivil War Birds
30%
Short Film Director 1979 William Shakespeare: The Movie
30%
Short Film Director 1978 Within the Woods
30%
Short Film Screenplay 1978 Within the Woods
30%
Short Film Production 1978 Within the Woods
30%
Short Film Editor 1978 Within the Woods
30%
Film Production 1998 Young Hercules
30%
TV Show Production 1998-1999 Young Hercules
30%
TV Show Production 2010 Zombie Roadkill
30%
Film Production 2007 30 Days of Night
20%
Short Film Cinematography 1979 Attack of the Helping Hand!
20%
Short Film Acting Role 1979 Attack of the Helping Hand!
20%
Short Film Director 1976 Attack of the Pillsbury Doughboy
20%
Short Film Acting Role 1976 Attack of the Pillsbury Doughboy
20%
Film Production TBA Crawl 2
20%
Film Production 2024 Don't Move
20%
Film Production TBA Evil Dead Burn
20%
Film Cameo 2019 Fanboy
20%
Music Video Director 1989 Half the Truth
20%
Film Cameo 1983 Hefty's
20%
TV Film Production 1994 Hercules and the Amazon Women
20%
Film Production 1998 Hercules and Xena - The Animated Movie: The Battle for Mount Olympus
20%
TV Film Production 1994 Hercules in the Maze of the Minotaur
20%
Film Cameo 1993 Indian Summer
20%
Film Cameo 1989 Intruder
20%
TV Pilot Production 2014 Knifeman
20%
TV Show Production 2008-2010 Legend of the Seeker
20%
Film Production 2014 Murder of a Cat
20%
TV Show Director 2014 Rake
20%
TV Show Production 2014 Rake
20%
TV Mini-Series Production 2011 Spartacus: Gods of the Arena
20%
Short Film Acting Role TBA Stop Whining and Start Winning
20%
Film Production 1989 The Dead Next Door
20%
Short Film Director 1975 The Great Bogus Monkey Pignuts Swindle
20%
Short Film Acting Role 1975 The Great Bogus Monkey Pignuts Swindle
20%
Short Film Acting Role 1975 The James Hoffa Story
20%
Short Film Director 1976 The James R. Hoffa Story, Part II
20%
Short Film Acting Role 1976 The James R. Hoffa Story, Part II
20%
Film Director TBA The Kingkiller Chronicle
20%
Film Production 2021 The Unholy
20%
Short Film Production 2019 The Worst Planet on Earth
20%
Film Cameo 1985 Thou Shalt Not Kill... Except
20%
TV Show Production 1995-1999 Hercules: The Legendary Journeys
10%
Short Film Cinematography 1978 Holding It
10%
Short Film Acting Role 1978 Holding It
10%
Short Film Acting Role 1975 I'll Never Heil Again
10%
Short Film Acting Role 1976 James Bombed in Here Today... Gun Tomorrow
10%
Short Film Acting Role 1974 No Dough Boys
10%
Film Production TBA Play Dead
10%
Short Film Acting Role 1979 Spring Cleaning
10%
Film Acting Role 1980 Stryker's War
10%
Short Film Acting Role 1980 The Blind Waiter
10%
Short Film Acting Role 1976 The Case of the Topanga Pearl
10%
Short Film Acting Role 1977 The Final Round
10%
Film Production 2007 The Messengers
10%
TV Mini-Series Production 2002 Xena: Warrior Princess - A Friend in Need
10%
Short Film Acting Role 1974 You Nazi Spy
10%
Film Story 2005 Man with the Screaming Brain
0%
Short Film Director 1977 That Happy Valley Kid
0%
Short Film Acting Role 1977 That Happy Valley Kid
0%
No matching quizzes found
Score Distribution
Percent of People with Each Score
Percentile by Number Answered
Your Score History
You have not taken this quiz since the last reset